| 000 | 00678nam a22002057a 4500 | ||
|---|---|---|---|
| 999 |
_c1218 _d1218 |
||
| 003 | AR-CdUCM | ||
| 008 | 190226b ||||| |||| 00| 0 spa d | ||
| 020 | _a9506140545 | ||
| 040 |
_aMUNICIPALIDAD PROVINCIAL DEL CUSCO _cBIBLIOTECA MUNICIPAL DEL CUSCO |
||
| 082 |
_a869.914 / _bAS83 |
||
| 100 |
_aAsturias, Miguel Ángel _92136 |
||
| 245 |
_aTorotumbo. _aLa audiencia de los confines. _aMensajes indios / |
||
| 260 |
_aBuenos Aires : _bEdiciones Orbis, _bHyspamerica, _c1983. |
||
| 300 |
_a247 páginas ; _c20 cm. |
||
| 440 |
_aLos premios nobel. _n19 _94751 |
||
| 650 |
_aNovelas guatemaltecas _94752 |
||
| 650 |
_aNovelas siglo XX _9797 |
||
| 942 |
_2ddc _cLIBROS |
||
| 945 | _azta | ||